[Event "Chinese Chess League"]
[Site "CHN"]
[Date "2016.04.14"]
[EventDate "2016.04.12"]
[Round "3.6"]
[Result "1-0"]
[White "Ding Liren"]
[Black "Di Li"]
[WhiteElo "2777"]
[BlackElo "2420"]
[PlyCount "93"]

1. c4 c6 2. Nf3 Nf6 3. Nc3 d5 4. e3 e6 5. b3 Nbd7 6. Qc2 Bd6
7. Bb2 O-O 8. Be2 Re8 9. O-O Qe7 10. Rad1 b6 11. cxd5 cxd5
12. Nb5 Bb7 13. Nxd6 Qxd6 14. Rc1 Rec8 15. Qb1 Rxc1 16. Rxc1
Rc8 17. Rxc8+ Bxc8 18. Qc1 Qc5 19. Qxc5 Nxc5 20. Ne5 Bb7
21. g4 Ncd7 22. g5 Nxe5 23. Bxe5 Nd7 24. Bd6 Bc6 25. d4 f6
26. gxf6 g6 27. Ba6 Kf7 28. Be5 Nxf6 29. Bb8 Nd7 30. Bxa7 Ke8
31. Bc8 b5 32. Kg2 Kd8 33. Ba6 Nf6 34. f3 Kd7 35. Bb8 g5
36. Be5 Ke7 37. Bc8 Kf7 38. Kf2 Nd7 39. Bc7 Kf6 40. Ke1 Kf5
41. Kd2 g4 42. fxg4+ Kxg4 43. Kc3 Kf3 44. Bf4 Ke4 45. Kb4 e5
46. Bxe5 Kxe3 47. Bg7 1-0

[Event "Chinese Chess League"]
[Site "CHN"]
[Date "2016.04.15"]
[EventDate "2016.04.12"]
[Round "4.2"]
[Result "1/2-1/2"]
[White "Zhao Jun"]
[Black "Ding Liren"]
[WhiteElo "2634"]
[BlackElo "2777"]
[PlyCount "51"]

1. e4 e5 2. Nf3 Nc6 3. Bb5 a6 4. Ba4 Nf6 5. O-O Be7 6. d3 b5
7. Bb3 d6 8. a4 Bd7 9. Bd2 O-O 10. axb5 axb5 11. Nc3 Rxa1
12. Qxa1 Qb8 13. Nd5 Nxd5 14. Bxd5 Nd8 15. Qa8 Qxa8 16. Bxa8
Ne6 17. Ra1 Rb8 18. Ra7 Kf8 19. Bd5 Bd8 20. h4 h6 21. Ba5 Rc8
22. Bb7 Rb8 23. Bd5 Rc8 24. Bb7 Rb8 25. Bd5 Rc8 26. Bb7
1/2-1/2

[Event "Ding - So"]
[Site "Shanghai CHN"]
[Date "2016.05.04"]
[EventDate "2016.05.04"]
[Round "1"]
[Result "1/2-1/2"]
[White "Ding Liren"]
[Black "Wesley So"]
[WhiteElo "2778"]
[BlackElo "2775"]
[PlyCount "80"]

1. d4 Nf6 2. c4 e6 3. Nf3 d5 4. Nc3 c6 5. e3 Nbd7 6. Be2 Bd6
7. O-O O-O 8. a4 a5 9. Qc2 b6 10. e4 Nxe4 11. Nxe4 dxe4
12. Qxe4 Bb7 13. Rd1 Qe7 14. Bf4 Rad8 15. Bxd6 Qxd6 16. Ne5
Nxe5 17. dxe5 Qb4 18. b3 Qe7 19. Bf3 Ba8 20. Qe3 c5 21. Bxa8
Rxd1+ 22. Rxd1 Rxa8 23. Qd3 h5 24. f4 Qh4 25. Qg3 Qe7 26. Qd3
Qh4 27. g3 Qh3 28. Qf1 Qf5 29. Qd3 Qh3 30. Qf1 Qf5 31. h4 Kh7
32. Rd6 Rb8 33. Qd1 Kg6 34. Kf2 f6 35. exf6 gxf6 36. Kg2 Qe4+
37. Kh2 Re8 38. Rxb6 Rd8 39. Qxd8 Qe2+ 40. Kg1 Qe1+ 1/2-1/2

[Event "Ding - So"]
[Site "Shanghai CHN"]
[Date "2016.05.05"]
[EventDate "2016.05.04"]
[Round "2"]
[Result "1/2-1/2"]
[White "Wesley So"]
[Black "Ding Liren"]
[WhiteElo "2775"]
[BlackElo "2778"]
[PlyCount "61"]

1. e4 e5 2. Nf3 Nc6 3. Bb5 a6 4. Ba4 Nf6 5. O-O Nxe4 6. d4 b5
7. Bb3 d5 8. dxe5 Be6 9. c3 Be7 10. Be3 O-O 11. Nbd2 Nxd2
12. Bxd2 Qd7 13. Re1 Rad8 14. Bg5 Bg4 15. Bxe7 Qxe7 16. Bc2 d4
17. Qd3 g6 18. Nxd4 Nxd4 19. cxd4 Bf5 20. Qb3 Bxc2 21. Qxc2
Rxd4 22. Qc6 Qe6 23. Qxc7 Rc8 24. Qa7 Rd2 25. b4 Rcc2 26. h3
Qf5 27. e6 Qxf2+ 28. Qxf2 Rxf2 29. e7 Rxg2+ 30. Kh1 Rh2+
31. Kg1 1/2-1/2

[Event "Ding - So"]
[Site "Shanghai CHN"]
[Date "2016.05.07"]
[EventDate "2016.05.01"]
[Round "3"]
[Result "1-0"]
[White "Ding Liren"]
[Black "Wesley So"]
[WhiteElo "2778"]
[BlackElo "2775"]
[PlyCount "75"]

1. d4 Nf6 2. c4 e6 3. Nf3 d5 4. Nc3 c6 5. g3 dxc4 6. Bg2 b5
7. Ne5 a6 8. O-O Bb7 9. b3 b4 10. Ne4 Nxe4 11. Bxe4 c3 12. a3
a5 13. axb4 axb4 14. Bf4 Nd7 15. Bxc6 Bxc6 16. Nxc6 Qc8
17. Rxa8 Qxa8 18. d5 Bc5 19. Qd3 O-O 20. dxe6 Qxc6 21. exd7
Rd8 22. Rd1 Bb6 23. e4 h6 24. h4 Qe6 25. Qd5 Qg4 26. Kg2 c2
27. Rc1 Qe2 28. Rf1 Bc7 29. e5 Qg4 30. Rc1 Rxd7 31. Qa8+ Rd8
32. Qc6 g5 33. e6 gxf4 34. Qxc7 f3+ 35. Kh2 Rd2 36. Rxc2 Rxc2
37. exf7+ Kg7 38. Qxc2 1-0

[Event "Ding - So"]
[Site "Shanghai CHN"]
[Date "2016.05.08"]
[EventDate "2016.05.04"]
[Round "4"]
[Result "1/2-1/2"]
[White "Wesley So"]
[Black "Ding Liren"]
[WhiteElo "2775"]
[BlackElo "2778"]
[PlyCount "108"]

1. e4 e5 2. Nf3 Nc6 3. Bb5 a6 4. Ba4 Nf6 5. O-O Nxe4 6. d4 b5
7. Bb3 d5 8. dxe5 Be6 9. Nbd2 Nc5 10. c3 Be7 11. Bc2 d4
12. Nxd4 Nxd4 13. cxd4 Qxd4 14. Nf3 Qxd1 15. Rxd1 O-O 16. Be3
Rfd8 17. Rdc1 h6 18. Nd4 Bd5 19. f4 Ne6 20. Nxe6 fxe6 21. Bg6
Rac8 22. Bc5 Kf8 23. Kf2 Bb7 24. Bxe7+ Kxe7 25. Rc2 c5 26. Ke3
c4 27. a4 Bd5 28. axb5 axb5 29. g4 b4 30. Ra4 Rb8 31. Be4 b3
32. Rc3 Bxe4 33. Kxe4 Rb7 34. Ke3 Rd1 35. Rcxc4 Rb1 36. Ra6
Rxb2 37. Rcc6 Rb1 38. Rxe6+ Kf7 39. Reb6 Rxb6 40. Rxb6 b2
41. Kd3 Rf1 42. Rxb2 Rxf4 43. Rb7+ Ke6 44. Rxg7 Kxe5 45. Ke3
Ra4 46. Rg6 Ra3+ 47. Kf2 Kf4 48. Kg2 Rb3 49. h3 Rb2+ 50. Kf1
Rb1+ 51. Ke2 Rb2+ 52. Ke1 h5 53. gxh5 Rb5 54. Rg4+ Kf3 1/2-1/2

[Event "Chinese Chess League"]
[Site "CHN"]
[Date "2016.06.23"]
[EventDate "2016.04.12"]
[Round "5.5"]
[Result "1/2-1/2"]
[White "Ding Liren"]
[Black "Ernesto Inarkiev"]
[WhiteElo "2777"]
[BlackElo "2729"]
[PlyCount "79"]

1. c4 e5 2. g3 Nf6 3. Bg2 h6 4. a3 c6 5. Nf3 e4 6. Nd4 d5
7. d3 Bc5 8. Nb3 Bb6 9. cxd5 cxd5 10. dxe4 Nxe4 11. O-O Nc6
12. Nc3 Nxc3 13. bxc3 Be6 14. a4 O-O 15. Ba3 Re8 16. Bc5 Rc8
17. Bxb6 Qxb6 18. a5 Qb5 19. e3 Qc4 20. Nd4 Qxc3 21. Nxe6 fxe6
22. Qa4 Ne5 23. Rab1 Re7 24. Rb3 Qc2 25. Qb4 Rf7 26. Rb2 Qc3
27. Rfb1 Qxb4 28. Rxb4 Rcc7 29. e4 Nc6 30. Rb5 Nd4 31. R5b4
Nf3+ 32. Bxf3 Rxf3 33. exd5 exd5 34. Rxb7 Rc2 35. R1b2 Rfxf2
36. Rxc2 Rxc2 37. Rxa7 Ra2 38. a6 d4 39. Rd7 Rxa6 40. Rxd4
1/2-1/2

[Event "Chinese Chess League"]
[Site "CHN"]
[Date "2016.06.24"]
[EventDate "2016.04.12"]
[Round "6.3"]
[Result "1/2-1/2"]
[White "Lin Chen"]
[Black "Ding Liren"]
[WhiteElo "2526"]
[BlackElo "2777"]
[PlyCount "113"]

1. e4 c5 2. Nf3 d6 3. d4 cxd4 4. Nxd4 Nf6 5. Nc3 Nc6 6. Bg5 e6
7. Qd2 a6 8. O-O-O Bd7 9. f3 b5 10. Kb1 Be7 11. Bxf6 Bxf6
12. Nxc6 Bxc6 13. Qxd6 Qxd6 14. Rxd6 Rc8 15. a3 Ke7 16. Rd2 h5
17. Be2 h4 18. Na2 Rc7 19. Nb4 Bb7 20. c3 Bg5 21. Rdd1 Bf6
22. Rd2 g5 23. Nd3 g4 24. fxg4 Bxe4 25. Bf3 Bh7 26. Re1 Rc4
27. Rdd1 Rd8 28. Kc2 a5 29. g5 Bxg5 30. Re5 Kf6 31. Rxb5 Rf4
32. h3 a4 33. Rb4 e5 34. Rxf4+ Bxf4 35. Be2 Kg5 36. c4 Be3
37. b4 axb3+ 38. Kxb3 Rb8+ 39. Nb4 Be4 40. Bf3 Bxf3 41. gxf3
Kf4 42. Rd5 f6 43. c5 Kg3 44. c6 Kxh3 45. Rd7 Rc8 46. Nd5 Rxc6
47. Nxe3 Kg3 48. Nf5+ Kxf3 49. Nxh4+ Kg4 50. Ng6 e4 51. Re7
Kg5 52. Nf8 f5 53. a4 Rc8 54. Nd7 Rc7 55. a5 e3 56. Rxe3 Rxd7
57. Kc4 1/2-1/2

[Event "Chinese Chess League"]
[Site "CHN"]
[Date "2016.06.25"]
[EventDate "2016.04.12"]
[Round "7.4"]
[Result "1/2-1/2"]
[White "Ding Liren"]
[Black "Vladimir Malakhov"]
[WhiteElo "2777"]
[BlackElo "2695"]
[PlyCount "60"]

1. Nf3 d5 2. g3 Bg4 3. Bg2 Nd7 4. h3 Bxf3 5. Bxf3 c6 6. d3
Ngf6 7. e4 dxe4 8. dxe4 e5 9. O-O Be7 10. Qe2 O-O 11. a4 Nc5
12. Nd2 Qc7 13. h4 Rfd8 14. Kg2 h6 15. Ra2 Rab8 16. a5 b5
17. axb6 axb6 18. b4 Ne6 19. c3 b5 20. Nb3 c5 21. Bd2 cxb4
22. cxb4 Qc4 23. Qxc4 bxc4 24. Na5 Rdc8 25. Rc1 Bxb4 26. Rxc4
Bxd2 27. Rxd2 Nd4 28. Rd3 Ra8 29. Rxc8+ Rxc8 30. Nb3 Nxb3
1/2-1/2

[Event "7th Hainan Danzhou"]
[Site "Danzhou CHN"]
[Date "2016.07.08"]
[EventDate "2016.07.06"]
[Round "1"]
[Result "1-0"]
[White "Ian Nepomniachtchi"]
[Black "Ding Liren"]
[WhiteElo "2725"]
[BlackElo "2778"]
[PlyCount "79"]

1. e4 e5 2. Nf3 Nc6 3. d4 exd4 4. Nxd4 Bc5 5. Nxc6 bxc6 6. Bd3
d6 7. h3 Ne7 8. Nc3 Ng6 9. Na4 Bd4 10. c3 Bf6 11. O-O Ne5
12. Be2 O-O 13. f4 Nd7 14. Qc2 c5 15. Bf3 Rb8 16. Be3 Ba6
17. Rfd1 Qe7 18. Bf2 Bb5 19. Rab1 Nb6 20. Nxb6 axb6 21. Re1
Bc4 22. b3 Be6 23. a4 Rfd8 24. b4 Bc4 25. bxc5 bxc5 26. Rxb8
Rxb8 27. e5 dxe5 28. fxe5 Bg5 29. a5 g6 30. Qe4 Qe6 31. Bxc5
h5 32. Bd4 Rb3 33. Ra1 c5 34. a6 Bxa6 35. Qa8+ Qc8 36. Rxa6
Rb8 37. Bf2 Kg7 38. Qc6 Rb1+ 39. Kh2 Qf5 40. Qe4 1-0

[Event "7th Hainan Danzhou"]
[Site "Danzhou CHN"]
[Date "2016.07.09"]
[EventDate "2016.07.06"]
[Round "2"]
[Result "1-0"]
[White "Pentala Harikrishna"]
[Black "Ding Liren"]
[WhiteElo "2755"]
[BlackElo "2778"]
[PlyCount "81"]

1. e4 e5 2. Nf3 Nc6 3. Bb5 a6 4. Ba4 Nf6 5. O-O Nxe4 6. d4 b5
7. Bb3 d5 8. dxe5 Be6 9. Nbd2 Nc5 10. c3 Be7 11. Bc2 d4
12. Nb3 d3 13. Bb1 Nxb3 14. axb3 Bf5 15. Re1 O-O 16. h3 Qd7
17. b4 Rfd8 18. g4 Bg6 19. Bf4 Qc8 20. Ba2 a5 21. e6 f6
22. bxa5 Nxa5 23. b4 Nc4 24. Bxc4 bxc4 25. Nd2 c5 26. b5 Be8
27. Rxa8 Qxa8 28. b6 Bc6 29. Bc7 Rd5 30. Nxc4 Qa2 31. Nd2 g5
32. Nf1 c4 33. Qd2 Qa8 34. Ne3 Rb5 35. Nxc4 Bh1 36. Ne3 Bc5
37. e7 Bxe3 38. fxe3 Kf7 39. e8=Q+ Kxe8 40. e4 Bxe4 41. Qe3
1-0

[Event "7th Hainan Danzhou"]
[Site "Danzhou CHN"]
[Date "2016.07.09"]
[EventDate "2016.07.06"]
[Round "2"]
[Result "1/2-1/2"]
[White "Ding Liren"]
[Black "Wang Hao"]
[WhiteElo "2778"]
[BlackElo "2734"]
[PlyCount "94"]

1. c4 c6 2. Nf3 d5 3. g3 Bg4 4. Bg2 e6 5. O-O Nf6 6. d3 dxc4
7. dxc4 Qxd1 8. Rxd1 Nbd7 9. b3 h6 10. Nc3 Bb4 11. Bb2 O-O-O
12. h3 Bh5 13. Nd4 Nc5 14. Nc2 Bxc3 15. Rxd8+ Rxd8 16. Bxc3
Bxe2 17. Bd4 Nce4 18. Bxa7 Rd2 19. Nd4 Bd1 20. b4 Nxf2 21. Nb3
Bxb3 22. axb3 Nd3 23. Bb6 Kb8 24. b5 c5 25. Bf3 Ne5 26. Bg2
Nfd7 27. Bd8 Rd6 28. Kf1 Ng6 29. Ke2 Nb6 30. Rd1 Rxd1 31. Kxd1
Nd7 32. b6 Kc8 33. Bc7 Ne7 34. Kd2 Nc6 35. g4 Nd4 36. Kc3 g5
37. b4 Ne2+ 38. Kb3 f6 39. Ka4 Nd4 40. bxc5 Nxc5+ 41. Ka5 Kd7
42. Bg3 e5 43. Bf2 Kd6 44. Bd5 Ndb3+ 45. Kb5 Nd4+ 46. Ka5
Ndb3+ 47. Kb5 Nd4+ 1/2-1/2

[Event "7th Hainan Danzhou"]
[Site "Danzhou CHN"]
[Date "2016.07.11"]
[EventDate "2016.07.06"]
[Round "4"]
[Result "1-0"]
[White "Ding Liren"]
[Black "Bu Xiangzhi"]
[WhiteElo "2778"]
[BlackElo "2723"]
[PlyCount "95"]

1. d4 Nf6 2. c4 e6 3. Nf3 d5 4. Nc3 c5 5. cxd5 Nxd5 6. e3 Nc6
7. Bd3 cxd4 8. exd4 Be7 9. O-O O-O 10. Re1 Bf6 11. Be4 Nce7
12. Qd3 g6 13. Bh6 Bg7 14. Bg5 f6 15. Bd2 Nxc3 16. Qxc3 Nd5
17. Qb3 b6 18. Bb4 Rf7 19. Nd2 Bb7 20. Ba3 Qd7 21. Nc4 Bf8
22. Bxf8 Rfxf8 23. g3 Rac8 24. Bg2 Kg7 25. a4 Rfd8 26. a5 b5
27. Nd2 Qc6 28. a6 Ba8 29. Qa3 b4 30. Qa5 Qc2 31. Ne4 Qxb2
32. Nc5 Rd6 33. Nb7 Rd7 34. Nc5 Rd6 35. Nb7 Rd7 36. Qb5 Nb6
37. Nc5 Bxg2 38. Kxg2 Rd6 39. Rab1 Qa2 40. Rb3 Qc2 41. Qxb4
Kf7 42. Rb2 Qf5 43. Ne4 Rdc6 44. Nd6+ Rxd6 45. Qxd6 Re8 46. d5
Nxd5 47. Rb7+ Re7 48. Qb8 1-0

[Event "7th Hainan Danzhou"]
[Site "Danzhou CHN"]
[Date "2016.07.12"]
[EventDate "2016.07.06"]
[Round "5"]
[Result "1/2-1/2"]
[White "Vassily Ivanchuk"]
[Black "Ding Liren"]
[WhiteElo "2728"]
[BlackElo "2778"]
[PlyCount "80"]

1. Nf3 d5 2. g3 g6 3. Bg2 Bg7 4. O-O e5 5. d3 Ne7 6. c4 dxc4
7. dxc4 Qxd1 8. Rxd1 e4 9. Nd4 f5 10. Nc3 c6 11. f3 exf3
12. exf3 Na6 13. Be3 Kf7 14. Rd2 Re8 15. Rad1 Ng8 16. Kf2 Nf6
17. a3 Nc7 18. b4 Ne6 19. Nce2 a5 20. b5 Nxd4 21. Nxd4 c5
22. Nb3 b6 23. Nc1 Ra7 24. Bf1 h6 25. Rd8 Rae7 26. Rxe8 Kxe8
27. Ne2 Rd7 28. Re1 Kf7 29. Nf4 g5 30. Nd3 Ne8 31. h4 Bc3
32. Rc1 Bf6 33. hxg5 hxg5 34. f4 g4 35. Ne5+ Bxe5 36. fxe5 Bb7
37. Be2 Ng7 38. Rd1 Rxd1 39. Bxd1 Ne6 40. Bf4 Kg6 1/2-1/2

[Event "7th Hainan Danzhou"]
[Site "Danzhou CHN"]
[Date "2016.07.13"]
[EventDate "2016.07.08"]
[Round "6.1"]
[Result "1/2-1/2"]
[White "Yifan Hou"]
[Black "Ding Liren"]
[WhiteElo "2653"]
[BlackElo "2778"]
[PlyCount "123"]

1. e4 Nf6 2. e5 Nd5 3. d4 d6 4. Nf3 g6 5. Bc4 Nb6 6. Bb3 Bg7
7. a4 dxe5 8. a5 N6d7 9. dxe5 Nxe5 10. Qxd8+ Kxd8 11. Nxe5
Bxe5 12. Bxf7 e6 13. Bg5+ Kd7 14. Ra3 Rf8 15. Rf3 Nc6
16. Bxe6+ Ke8 17. Bxc8 Rxc8 18. Re3 Kd7 19. c3 Rf5 20. Bh4 Rh5
21. Re4 Re8 22. Kd2 Nxa5 23. Kc2 Bd6 24. Rxe8 Kxe8 25. Re1+
Re5 26. Rxe5+ Bxe5 27. Nd2 Kd7 28. Kd3 b5 29. Ke4 Bg7 30. f4
Nb7 31. Bf2 a5 32. g4 a4 33. Bd4 Nd6+ 34. Kd3 Bf8 35. c4 b4
36. Bc5 Bg7 37. Bxb4 Bxb2 38. Nb1 Bc1 39. Nc3 a3 40. Na2 Bxf4
41. h3 Nf7 42. Bxa3 Ng5 43. h4 Nf7 44. Bb2 Be5 45. Bd4 Bxd4
46. Kxd4 Nh6 47. g5 Nf5+ 48. Ke5 Nxh4 49. Nc3 Nf3+ 50. Kf6 Nd2
51. c5 Nf3 52. Ne4 Kc6 53. Kg7 Nh4 54. Nf6 Kxc5 55. Nxh7 Kd4
56. Nf8 c5 57. Nxg6 Nf3 58. Kf6 Nxg5 59. Kxg5 c4 60. Nf4 c3
61. Ne2+ Kd3 62. Nxc3 1/2-1/2

[Event "7th Hainan Danzhou"]
[Site "Danzhou CHN"]
[Date "2016.07.15"]
[EventDate "2016.07.06"]
[Round "7"]
[Result "1-0"]
[White "Ding Liren"]
[Black "Yu Yangyi"]
[WhiteElo "2778"]
[BlackElo "2734"]
[PlyCount "129"]

1. d4 Nf6 2. c4 e6 3. Nf3 d5 4. Nc3 c6 5. Bg5 dxc4 6. e4 b5
7. e5 h6 8. Bh4 g5 9. Nxg5 hxg5 10. Bxg5 Nbd7 11. g3 Bb7
12. Bg2 Qb6 13. exf6 O-O-O 14. O-O c5 15. d5 b4 16. Na4 Qb5
17. a3 Nb8 18. axb4 cxb4 19. Qg4 Bxd5 20. Rfc1 Nc6 21. Bxd5
Rxd5 22. Rxc4 Rxg5 23. Qd4 Kb8 24. Rxc6 Rxg3+ 25. fxg3 Qxc6
26. Rd1 Qc7 27. b3 Kc8 28. Qe4 Kb8 29. Qd4 Kc8 30. Qe4 Kb8
31. Qd3 Bc5+ 32. Nxc5 Qxc5+ 33. Qd4 Qc3 34. Qf4+ Ka8 35. Qe4+
Kb8 36. Rd4 Qc1+ 37. Kg2 Qb2+ 38. Kf3 Qc3+ 39. Kg4 Rg8+
40. Kh4 Rh8+ 41. Kg5 Qc1+ 42. Qf4+ Qxf4+ 43. Kxf4 Rxh2
44. Rxb4+ Kc7 45. Kg5 Rh8 46. g4 Rg8+ 47. Kf4 Rd8 48. Ra4 Kb6
49. Ra1 a5 50. Rh1 Kc5 51. Rh7 Rd7 52. g5 Kd6 53. Rh3 e5+
54. Kf5 e4 55. Kxe4 Ke6 56. Rh8 Rb7 57. Re8+ Kd6 58. Kf5 Rb5+
59. Kg4 Rb4+ 60. Kh5 Rxb3 61. Re7 Rh3+ 62. Kg4 Rh7 63. Ra7 Ke6
64. Ra6+ Kd7 65. g6 1-0

[Event "7th Hainan Danzhou"]
[Site "Danzhou CHN"]
[Date "2016.07.16"]
[EventDate "2016.07.06"]
[Round "8"]
[Result "1/2-1/2"]
[White "Wang Yue"]
[Black "Ding Liren"]
[WhiteElo "2730"]
[BlackElo "2778"]
[PlyCount "78"]

1. d4 d5 2. c4 c6 3. Nf3 Nf6 4. e3 e6 5. Bd3 Nbd7 6. O-O Bd6
7. Nbd2 O-O 8. e4 e5 9. cxd5 cxd5 10. Re1 Re8 11. exd5 exd4
12. Rxe8+ Qxe8 13. Nc4 Bf8 14. Bf4 Nc5 15. d6 Bg4 16. h3 Nxd3
17. Qxd3 Bxf3 18. Qxf3 Rc8 19. Na5 b6 20. Nb3 Qd7 21. Rd1 Bxd6
22. Rxd4 Ne8 23. Bxd6 Nxd6 24. Qd3 Rd8 25. Nd2 Qc7 26. Ne4 Nb7
27. Rxd8+ Nxd8 28. Qd5 h6 29. g3 Ne6 30. Kg2 Kf8 31. Nc3 Qc8
32. h4 Ke7 33. Kf3 Qd7 34. Qxd7+ Kxd7 35. Ke4 Kc6 36. Ke5 Nc5
37. Kd4 Ne6+ 38. Ke5 Nc5 39. Kd4 Ne6+ 1/2-1/2

[Event "7th Hainan Danzhou"]
[Site "Danzhou CHN"]
[Date "2016.07.17"]
[EventDate "2016.07.06"]
[Round "9"]
[Result "1/2-1/2"]
[White "Ding Liren"]
[Black "Peter Leko"]
[WhiteElo "2778"]
[BlackElo "2712"]
[PlyCount "94"]

1. d4 Nf6 2. c4 e6 3. Nf3 d5 4. Nc3 Bb4 5. cxd5 exd5 6. Bg5 h6
7. Bh4 O-O 8. e3 Bf5 9. Qb3 Bxc3+ 10. bxc3 Nbd7 11. Be2 c5
12. O-O c4 13. Qb2 Qb6 14. Qc1 Ne4 15. Nd2 Qg6 16. a4 Nxd2
17. Qxd2 b6 18. Bf3 Qe6 19. Qb2 a6 20. Qb4 Rfe8 21. Bg3 Be4
22. Bd1 Rac8 23. Qd6 Qxd6 24. Bxd6 Rc6 25. Bg3 g5 26. Bf3 Bxf3
27. gxf3 f5 28. Rab1 Rf6 29. Bc7 Rc6 30. Bg3 Kf7 31. Rb2 Rf6
32. Bc7 Rc6 33. Bg3 f4 34. exf4 gxf4 35. Bxf4 Rf6 36. Be3 Rxf3
37. Kg2 Rf6 38. Rg1 Rg8+ 39. Kf1 Rxg1+ 40. Kxg1 Kg6 41. Kf1
Kf5 42. f3 Rg6 43. Bc1 h5 44. Re2 Re6 45. Rg2 Rg6 46. Re2 Re6
47. Rg2 Rg6 1/2-1/2

[Event "Chinese Chess League"]
[Site "CHN"]
[Date "2016.07.24"]
[EventDate "2016.04.12"]
[Round "9.3"]
[Result "1-0"]
[White "Ding Liren"]
[Black "Chenxi Zhao"]
[WhiteElo "2777"]
[BlackElo "2035"]
[PlyCount "111"]

1. Nf3 Nf6 2. c4 g6 3. Nc3 Bg7 4. e4 d6 5. d4 O-O 6. h3 c6
7. Bg5 a6 8. Bd3 b5 9. O-O b4 10. Na4 Nfd7 11. c5 dxc5
12. dxc5 a5 13. Qe2 h6 14. Bh4 Ne5 15. Nxe5 Bxe5 16. Nb6 Ra7
17. Rad1 Qc7 18. Bc4 e6 19. Rd3 Nd7 20. Nxd7 Bxd7 21. Rfd1 Bc8
22. Bd8 Qb8 23. Bb6 Ra8 24. Rd8 Bf6 25. Rxf8+ Kxf8 26. Rd6 Be7
27. Qe3 Bxd6 28. cxd6 Kg8 29. Bc5 Bd7 30. Qxh6 Qf8 31. Qg5 Qg7
32. e5 a4 33. Bxb4 Rb8 34. Bc3 c5 35. Qe7 a3 36. Qxd7 axb2
37. Bxb2 Rxb2 38. Qc8+ Kh7 39. Qxc5 Qh6 40. Qe3 Qh4 41. g4 Qd8
42. Qa7 Kg8 43. a4 Rb1+ 44. Kh2 Qg5 45. Qe3 Qd8 46. Bb5 Qa8
47. d7 Qd5 48. Bc6 Qd1 49. Kg3 Kg7 50. Qf4 Rb3+ 51. Kh4 Rd3
52. Kg5 Kg8 53. Qf6 Qc1+ 54. f4 Qd2 55. h4 Rd4 56. Kh6 1-0

[Event "Chinese Chess League"]
[Site "CHN"]
[Date "2016.07.25"]
[EventDate "2016.04.12"]
[Round "10.5"]
[Result "1-0"]
[White "Wang Chen"]
[Black "Ding Liren"]
[WhiteElo "2514"]
[BlackElo "2777"]
[PlyCount "57"]

1. e4 c5 2. Nf3 d6 3. Bb5+ Nd7 4. O-O a6 5. Bxd7+ Bxd7 6. Re1
Bg4 7. h3 Bh5 8. d3 e6 9. Nbd2 Ne7 10. b3 Nc6 11. Bb2 f6
12. Qe2 Be7 13. Qe3 e5 14. c3 d5 15. d4 cxd4 16. cxd4 Nb4
17. Rac1 Nxa2 18. dxe5 Nxc1 19. exf6 gxf6 20. Rxc1 dxe4
21. Nd4 Rc8 22. Re1 Bg6 23. Nxe4 Kf7 24. Qf3 Qd5 25. Ng5+ Qxg5
26. Rxe7+ Kxe7 27. Qxb7+ Kd6 28. Ba3+ Rc5 29. Qc6+ 1-0

[Event "Sinquefield Cup"]
[Site "Saint Louis, MO USA"]
[Date "2016.08.13"]
[EventDate "2016.08.04"]
[Round "8"]
[Result "1/2-1/2"]
[White "Ding Liren"]
[Black "Maxime Vachier-Lagrave"]
[WhiteElo "2755"]
[BlackElo "2819"]
[PlyCount "51"]

1. d4 Nf6 2. c4 g6 3. g3 c6 4. Bg2 d5 5. cxd5 cxd5 6. Nf3 Bg7
7. Nc3 Ne4 8. Qa4+ Nc6 9. Ne5 Nxc3 10. bxc3 O-O 11. Nxc6 bxc6
12. O-O Qb6 13. Ba3 Qa6 14. Qxa6 Bxa6 15. Rfb1 Bxe2 16. Bxe7
Rfb8 17. Bd6 Rd8 18. Bc5 Bf8 19. Bxf8 Kxf8 20. Rb2 Bd3 21. Rd1
Bf5 22. Rb7 Rdb8 23. Rc7 Rc8 24. Rb7 Rcb8 25. Rc7 Rc8 26. Rb7
1/2-1/2

[Event "Sinquefield Cup"]
[Site "Saint Louis, MO USA"]
[Date "2016.08.14"]
[EventDate "2016.08.04"]
[Round "9"]
[Result "1-0"]
[White "Hikaru Nakamura"]
[Black "Ding Liren"]
[WhiteElo "2791"]
[BlackElo "2755"]
[PlyCount "55"]

1. d4 d5 2. c4 c6 3. Nf3 Nf6 4. Nc3 e6 5. Bg5 h6 6. Bh4 dxc4
7. e4 g5 8. Bg3 b5 9. Be2 Bb7 10. h4 g4 11. Ne5 Nbd7 12. Nxd7
Qxd7 13. Be5 Qe7 14. b3 cxb3 15. axb3 a6 16. Qc1 Rg8 17. O-O
Nh5 18. d5 Qxh4 19. g3 Qg5 20. dxc6 Qxe5 21. cxb7 Rb8 22. Nd5
exd5 23. Qc8+ Ke7 24. Rxa6 Nxg3 25. Bxb5 Ne2+ 26. Bxe2 f6
27. Re6+ Qxe6 28. Qxb8 1-0

[Event "Chess Olympiad"]
[Site "Baku AZE"]
[Date "2016.09.09"]
[EventDate "2016.09.02"]
[Round "7.6"]
[Result "1/2-1/2"]
[White "Ding Liren"]
[Black "David Howell"]
[WhiteElo "2753"]
[BlackElo "2665"]
[PlyCount "33"]

1. d4 Nf6 2. c4 g6 3. g3 c6 4. Bg2 d5 5. Nf3 Bg7 6. O-O O-O
7. b3 Bf5 8. Bb2 a5 9. e3 a4 10. bxa4 dxc4 11. Ne5 Qa5
12. Nxc4 Qxa4 13. Qe2 Bg4 14. Qd3 Bf5 15. Qe2 Bg4 16. Qd3 Bf5
17. Qe2 1/2-1/2

[Event "Chess Olympiad"]
[Site "Baku AZE"]
[Date "2016.09.09"]
[EventDate "2016.09.02"]
[Round "7.6"]
[Result "1/2-1/2"]
[White "Ding Liren"]
[Black "David Howell"]
[WhiteElo "2753"]
[BlackElo "2665"]
[PlyCount "34"]

1. d4 Nf6 2. c4 g6 3. g3 c6 4. Bg2 d5 5. Nf3 Bg7 6. O-O O-O
7. b3 Bf5 8. Bb2 a5 9. e3 a4 10. bxa4 dxc4 11. Ne5 Qa5
12. Nxc4 Qxa4 13. Qe2 Bg4 14. Qd3 Bf5 15. Qe2 Bg4 16. Qd3 Bf5
17. Qe2 Bg4 1/2-1/2

[Event "Chess Olympiad"]
[Site "Baku AZE"]
[Date "2016.09.10"]
[EventDate "2016.09.02"]
[Round "8.10"]
[Result "1/2-1/2"]
[White "Ding Liren"]
[Black "Richard Rapport"]
[WhiteElo "2753"]
[BlackElo "2752"]
[PlyCount "141"]

1. Nf3 Nc6 2. d4 d5 3. g3 Bf5 4. Bg2 Nb4 5. Na3 e6 6. O-O h6
7. c3 Nc6 8. Nc2 Be4 9. Nd2 Bxg2 10. Kxg2 Nf6 11. Re1 Be7
12. e4 dxe4 13. Nxe4 Qd5 14. Qf3 O-O-O 15. Nd2 Rhe8 16. Ne3
Qxf3+ 17. Nxf3 b5 18. a4 a6 19. h4 Kb7 20. g4 Bd6 21. g5 hxg5
22. hxg5 Nd7 23. Rh1 Rh8 24. axb5 axb5 25. Bd2 Ne7 26. Rxh8
Rxh8 27. Rh1 Rxh1 28. Kxh1 Ng6 29. Kg2 Bf4 30. Kf1 c5 31. Ke2
c4 32. d5 Nc5 33. Nd4 Ka6 34. dxe6 fxe6 35. Nec2 e5 36. Nf5
Ka5 37. Nxg7 Ne4 38. Be3 Bxg5 39. Ne6 Be7 40. Kf3 Nf6 41. Bc5
Bxc5 42. Nxc5 Nf4 43. b4+ Kb6 44. Ne4 Nd7 45. Kg4 Nd3 46. Kf5
Kc6 47. Ne3 Nf4 48. Ng4 Nd3 49. Nh6 Nf4 50. Ng8 Nd5 51. Ke6
Nf4+ 52. Kf5 Nd5 53. Ke6 Nf4+ 54. Kf7 Nb6 55. Kf6 Nd7+ 56. Ke7
Nb6 57. Kd8 Nbd5 58. Ne7+ Nxe7 59. Kxe7 Kd5 60. Nf6+ Kc6
61. Ne4 Kd5 62. f3 Kc6 63. Kf6 Kd5 64. Ke7 Kc6 65. Kf6 Kd5
66. Kf7 Kc6 67. Ke7 Ne2 68. Ke6 Ng1 69. Nd2 Ne2 70. Ne4 Ng1
71. Nd2 1/2-1/2

[Event "Chess Olympiad"]
[Site "Baku AZE"]
[Date "2016.09.11"]
[EventDate "2016.09.02"]
[Round "9.17"]
[Result "1-0"]
[White "Ding Liren"]
[Black "John Rodgaard"]
[WhiteElo "2753"]
[BlackElo "2345"]
[PlyCount "69"]

1. e4 e6 2. d4 d5 3. Nc3 Nf6 4. e5 Nfd7 5. f4 c5 6. Nf3 Nc6
7. Be3 a6 8. Qd2 b5 9. a3 Qa5 10. Ra2 Qb6 11. Ne2 Qc7 12. c3
Be7 13. Ng3 cxd4 14. cxd4 b4 15. Bd3 Qa5 16. O-O Nb6 17. Qf2
g6 18. Rc1 Bd7 19. Nd2 bxa3 20. Nb3 Qb4 21. Nc5 Nc4 22. bxa3
Qa5 23. Bxc4 dxc4 24. Rxc4 Rb8 25. Rc1 Bxc5 26. dxc5 Qa4
27. Rd2 Ne7 28. Rd4 Qxa3 29. Ne4 Nd5 30. Rxd5 exd5 31. Nf6+
Kd8 32. c6 Bxc6 33. Bb6+ Rxb6 34. Qxb6+ Ke7 35. Rxc6 1-0

[Event "Chess Olympiad"]
[Site "Baku AZE"]
[Date "2016.09.13"]
[EventDate "2016.09.02"]
[Round "11.11"]
[Result "1-0"]
[White "Ding Liren"]
[Black "Ngoc Truongson Nguyen"]
[WhiteElo "2753"]
[BlackElo "2633"]
[PlyCount "89"]

1. d4 Nf6 2. c4 e6 3. Nf3 b6 4. g3 Bb4+ 5. Bd2 Bxd2+ 6. Qxd2
Bb7 7. Bg2 O-O 8. O-O Ne4 9. Qc2 f5 10. Nfd2 d5 11. cxd5 exd5
12. Nc3 Nd7 13. Ndxe4 dxe4 14. Nb5 Nf6 15. Qxc7 Ba6 16. Qc4+
Qd5 17. Qxd5+ Nxd5 18. a4 Rfc8 19. Rfc1 Bxb5 20. axb5 Rxc1+
21. Rxc1 Rd8 22. e3 Rd7 23. h4 Rc7 24. Rc6 Kf7 25. g4 g6
26. Rxc7+ Nxc7 27. gxf5 gxf5 28. Bf1 Kf6 29. Kg2 f4 30. Bc4
Kf5 31. Bg8 Kg6 32. Kh3 h5 33. Bc4 Kf5 34. Bf7 Nxb5 35. Bxh5
fxe3 36. fxe3 Nd6 37. b3 a5 38. Kg3 Nb5 39. Bg4+ Kf6 40. d5
Nd6 41. Kf4 Nb7 42. h5 b5 43. Bd7 b4 44. Bc6 Nc5 45. d6 1-0